|
|
|
|
| LEADER |
01654nam a2200421 i 4500 |
| 001 |
EBC5946057 |
| 003 |
MiAaPQ |
| 005 |
20191122145328.0 |
| 006 |
m o d | |
| 007 |
cr cnu|||||||| |
| 008 |
191122s2020 enk o 001 0 eng d |
| 020 |
|
|
|z 9780367346195
|
| 020 |
|
|
|a 9781000707700 (e-book)
|
| 035 |
|
|
|a (MiAaPQ)EBC5946057
|
| 035 |
|
|
|a (Au-PeEL)EBL5946057
|
| 035 |
|
|
|a (OCoLC)1125110325
|
| 040 |
|
|
|a MiAaPQ
|b eng
|e rda
|e pn
|c MiAaPQ
|d MiAaPQ
|
| 043 |
|
|
|a n-us---
|
| 050 |
|
4 |
|a KF902
|b .C573 2020
|
| 082 |
0 |
|
|a 343.73078624
|2 23
|
| 100 |
1 |
|
|a Circo, Carl J.,
|d 1949-
|e author.
|
| 245 |
1 |
0 |
|a Contract law in the construction industry context /
|c Carl J. Circo.
|
| 264 |
|
1 |
|a London ;
|a New York, New York :
|b Routledge,
|c [2020]
|
| 264 |
|
4 |
|c 2020
|
| 300 |
|
|
|a 1 online resource (185 pages).
|
| 336 |
|
|
|a text
|b txt
|2 rdacontent
|
| 337 |
|
|
|a computer
|b c
|2 rdamedia
|
| 338 |
|
|
|a online resource
|b cr
|2 rdacarrier
|
| 490 |
1 |
|
|a Spon research
|
| 500 |
|
|
|a Includes index.
|
| 588 |
|
|
|a Description based on print version record.
|
| 590 |
|
|
|a Electronic reproduction. Ann Arbor, MI : ProQuest, 2018. Available via World Wide Web. Access may be limited to ProQuest affiliated libraries.
|
| 650 |
|
0 |
|a Construction contracts
|z United States.
|
| 655 |
|
4 |
|a Electronic books.
|
| 776 |
0 |
8 |
|i Print version:
|a Circo, Carl J., 1949-
|t Contract law in the construction industry context.
|d London ; New York, New York : Routledge, c2020
|h 185 pages
|k Spon research.
|z 9780367346195
|
| 797 |
2 |
|
|a ProQuest (Firm)
|
| 830 |
|
0 |
|a Spon research.
|
| 856 |
4 |
0 |
|u https://ebookcentral.proquest.com/lib/matrademy/detail.action?docID=5946057
|z Click to View
|